Jinnah International Airport Destinations (Karachi, Pakistan) - Statistics

General Stats
  • This quiz has been taken 107 times
    45 since last reset
  • The average score is 25 of 35
Answer Stats
Airline Destination % Correct
Etihad Airways Abu Dhabi
100%
Thai Airways International Bangkok (Suvarnabhumi)
97%
Air China Beijing (Capital)
97%
Qatar Airways Doha
97%
airblue/Emirates/flydubai/Pakistan International Airlines Dubai (International)
97%
airblue/AirSial/Fly Jinnah/Pakistan International Airlines/Serene Air Islamabad
97%
Turkish Airlines Istanbul
97%
Pegasus Airlines Istanbul (Sabiha Gokcen)
97%
Ethiopian Airlines Addis Ababa
94%
Iraqi Airways Baghdad
94%
SriLankan Airlines Colombo (Bandaranaike)
94%
AirSial/Flyadeal/Flynas/Pakistan International Airlines/Saudia/Serene Air Jeddah
94%
Oman Air/Pakistan International Airlines/SalamAir Muscat
94%
AirAsia X/Batik Air Malaysia Kuala Lumpur (International)
92%
airblue/AirSial/Fly Jinnah/Pakistan International Airlines/Serene Air Lahore
92%
Jazeera Airways Kuwait City
89%
Flyadeal/Flynas/Saudia Riyadh
89%
Gulf Air Bahrain
83%
Flynas/Pakistan International Airlines/Saudia Medina
81%
airblue/AirSial/Fly Jinnah/Serene Air Peshawar
72%
Pakistan International Airlines Dammam
69%
Iran Air/Taban Air Mashhad
64%
airblue/AirSial/Fly Jinnah/Pakistan International Airlines/Serene Air Quetta
64%
Air Arabia Sharjah
64%
Iraqi Airways Najaf
61%
Pakistan International Airlines Multan
58%
Cham Wings Airlines Damascus
53%
Pakistan International Airlines Faisalabad
53%
Pakistan International Airlines Toronto (Pearson)
47%
Pakistan International Airlines Baku
44%
Pakistan International Airlines Skardu
31%
Pakistan International Airlines Sukkur
28%
Pakistan International Airlines Gwadar
25%
Pakistan International Airlines Turbat
19%
Pakistan International Airlines Bahawalpur
17%
No matching quizzes found
Score Distribution
Percent of People with Each Score
Percentile by Number Answered
Your Score History
You have not taken this quiz since the last reset